|
|
|
|
| LEADER |
01027nam a2200265 i 4500 |
| 001 |
c000236121 |
| 003 |
CARM |
| 005 |
00000000000000.0 |
| 008 |
840301s1977 ck 0 eng d |
| 019 |
1 |
|
|a 1255111
|5 LACONCORD2021
|
| 035 |
|
|
|a (OCoLC)4162375
|5 LACONCORD2021
|
| 082 |
0 |
4 |
|a 301.35098
|
| 100 |
2 |
|
|a Diaz de G., Jesus Luis.
|
| 245 |
1 |
0 |
|a Liberacion campesina en America Latina :
|b una opcion para el pueblo campesino /
|c Jesus Luis Diaz .
|
| 260 |
|
|
|a Bogota :
|b Cepla Editores,
|c c1977 .
|
| 300 |
|
|
|a 195, [1] p. ;
|c 21 cm.
|
| 440 |
|
0 |
|a Coleccion Estudios sociales ;
|v 7
|
| 504 |
|
|
|a Bibliography: p. 195-[196].
|
| 650 |
|
0 |
|a Peasantry
|z Colombia.
|
| 650 |
|
0 |
|a Land reform
|z Colombia.
|
| 650 |
|
0 |
|a Church and social problems
|z Colombia.
|
| 651 |
|
0 |
|a Colombia
|x Rural conditions.
|
| 852 |
8 |
|
|b CARM
|h A2:AQ34A0
|i B07574
|p 0326082
|f BK
|
| 999 |
f |
f |
|i bdd78f87-72a1-5dd0-b768-ef84a5300831
|s de8fabcf-3068-5c8d-a68f-be986ab0eb2e
|
| 952 |
f |
f |
|p Can circulate
|a CAVAL
|b CAVAL
|c CAVAL
|d CARM 1 Store
|e B07574
|f A2:AQ34A0
|h Other scheme
|i book
|m 0326082
|